Уставы собраниям по Курляндской губернии

Доступно только в Электронных читальных залах Найти на картеНа карте
RUSMARC
00003656nmc2a22000003x 450
001665efa26-3e55-4d94-8234-0fbc9f49494d
00520210310195436.0
100##$a20181127l18671869k l0rusy0189 ca
1010#$arus
102##$aRU
2001#$aУставы собраниям по Курляндской губернии
$j20 апреля 1867 г. - 9 сентября 1869 г.
251##$cДело
300##$aДело
801#0$aRU
$bРГИА
$c20181127
$gRCR
801#1$aRU
$bГлавНИВЦ
$c20181127
$2rusmarc
801#2$aRU
$bПБ им. Б.Н. Ельцина
$c20210310
$gRCR
$2rusmarc
850##$aРГИА
852##$aРГИА
$eФедеральное казенное учреждение "Российский государственный исторический архив" (РГИА)
$j163
937##$hРГИА
$d12293782
$aASBIBLIO_SCAN
462#0$100191353b96-cc3d-4f24-9eeb-3bfef1665a95
$12001
$aДела Департамента полиции исполнительной МВД за 1867 год
$1251
$cОпись
$1852
$j28
$l1867 г.
461#0$10013e300ed0-cd39-49af-8489-5ba5b90fa401
$12001
$aДепартамент полиции исполнительной МВД
$1251
$cФонд
$1852
$j1286
215##$a106 л.
$d36,5х26 см
371##$aДокумент не является опубликованным и широко распространяемым
105##$ay###
1222#$ad
035##$a665efa26-3e55-4d94-8234-0fbc9f49494d
856##$uhttp://readingroom.main.prlib.ru/item.aspx?id_node=n158377069&mode=full
Формат отображения